000 00448nam a2200181Ia 4500
001 20347
005 20260306172759.0
008 260306t2009||||xx |||||||||||||| ||spa||
041 _aESP
082 _a343.2
_bF349
100 _aFix-Zamudio, Héctor
_eAUT
245 0 _aLas sentencias de los tribunales constitucionales
260 _c2009
300 _a131 páginas :
_c23 cm.
650 _aGEN
654 _aCDE
942 _cLIB
_dJUS
_fJUS
_2ddc
_n
999 _c20347
_d20347